| 000 | 00593nam a2200205 a 4500 | ||
|---|---|---|---|
| 005 | 20240925064952.0 | ||
| 008 | 060119s2004 mx r 000 0 spa d | ||
| 020 | _a9682470242 | ||
| 035 | _aUPN01000141607 | ||
| 049 | _aCG | ||
| 050 | 4 |
_aLB1051 _bI9.2 |
|
| 100 | 1 |
_aIzquierdo Moreno, Ciriaco _928924 |
|
| 245 | 1 | 0 |
_aAprendizaje inteligente / _cCiriaco Izquierdo Moreno. |
| 260 |
_aMéxico : _bTrillas, _c2004. |
||
| 300 |
_a201 p. : _bil. |
||
| 650 | 4 |
_aPsicopedagogía _95085 |
|
| 650 | 4 |
_aPsicología del aprendizaje _95221 |
|
| 650 | 4 |
_aTeoría del conocimiento _91707 |
|
| 905 | _aLibro | ||
| 999 |
_c113754 _d113754 |
||